La educación de la mujer en la Nueva España (Record no. 9607)

MARC details
000 -CABECERA
campo de control de longitud fija 00830nam a2200241 a 4500
001 - NÚMERO DE CONTROL
campo de control BRL_795
005 - FECHA Y HORA DE LA ÚLTIMA TRANSACCIÓN
campo de control 20190320210912.0
008 - DATOS DE LONGITUD FIJA--INFORMACIÓN GENERAL
campo de control de longitud fija 071013s1985----mx-a######---#000-0#spa-#
020 ## - NÚMERO INTERNACIONAL ESTÁNDAR DEL LIBRO
Número Internacional Estándar del Libro 9686011919
041 ## - CÓDIGO DE LENGUA
Código de lengua del texto/banda sonora o título independiente spa
044 ## - CÓDIGO DEL PAÍS DE LA ENTIDAD EDITORA/PRODUCTORA
Código MARC del país mx
050 #4 - SIGNATURA TOPOGRÁFICA DE LA BIBLIOTECA DEL CONGRESO
Número de clasificación LC1772
Número de documento/Ítem .E38 1985
245 10 - MENCIÓN DE TÍTULO
Título La educación de la mujer en la Nueva España
Resto del título antología
Mención de responsabilidad, etc. preparada por Pilar Gonzalbo.
260 ## - PUBLICACIÓN, DISTRIBUCIÓN, ETC.
Lugar de publicación, distribución, etc. México
Nombre del editor, distribuidor, etc. SEP, Subsecretaría de Cultura, Dirección General de Publicaciones : Ediciones El Caballito
Fecha de publicación, distribución, etc. 1985
300 ## - DESCRIPCIÓN FÍSICA
Extensión 155 p.
Otras características físicas il.
Dimensiones 21 cm.
440 #0 - MENCIÓN DE SERIE/PUNTO DE ACCESO ADICIONAL--TÍTULO
Título Biblioteca Pedagógica
9 (RLIN) 24973
500 ## - NOTA GENERAL
Nota general Au941
500 ## - NOTA GENERAL
Nota general Estado físico: Ejemplar con las primeras páginas desprendidas.
650 14 - PUNTO DE ACCESO ADICIONAL DE MATERIA--TÉRMINO DE MATERIA
Término de materia o nombre geográfico como elemento de entrada Educación de la mujer
Subdivisión general Historia
Subdivisión geográfica México
9 (RLIN) 24974
700 1# - PUNTO DE ACCESO ADICIONAL--NOMBRE DE PERSONA
Nombre de persona Gonzalbo, Pilar
Fechas asociadas al nombre 1935-
Término indicativo de función/relación comp.
9 (RLIN) 24975
902 ## - CATALOGADOR
Iniciales GRL
942 ## - ELEMENTOS DE PUNTO DE ACCESO ADICIONAL (KOHA)
Fuente del sistema de clasificación o colocación Library of Congress Classification
Tipo de ítem Koha Libros
Holdings
Estado de retiro Estado de pérdida Estado dañado No para préstamo Localización permanente Ubicación/localización actual Fecha de adquisición Número de inventario Total de préstamos Signatura topográfica completa Código de barras Fecha visto por última vez Precio válido a partir de Tipo de ítem Koha
El ejemplar forma parte de la colección y puede ser consultado según las políticas vigentes.       Biblioteca Centro de Estudios Ruth D. Lechuga Biblioteca Centro de Estudios Ruth D. Lechuga 07/10/2013 Au941   LC1772 .E38 1985 (Au941) GRL00864 22/03/2019 22/03/2019 Libros